Catalog

Record Details

Catalog Search



Mystery of the whale tattoo  Cover Image Book Book

Mystery of the whale tattoo / by Franklin W. Dixon.

Dixon, Franklin W. (Author).

Summary:

Helping in a case their father is working on, the Hardy brothers try to find an informer who has telephoned from a booth in their home town, and are hired by a carnival owner to spot pickpockets.

Record details

  • ISBN: 0448089475
  • Physical Description: 174 pages : illustrations ; 20 cm.
  • Publisher: New York : Grosset & Dunlap, [1968]

Available copies

  • 1 of 1 copy available at scottsboropl.

Holds

  • 0 current holds with 1 total copy.
Show Only Available Copies
Location Call Number / Copy Notes Barcode Shelving Location Status Due Date
scottsboropl JF Dix 32269000253230 Juvenile - Fiction Available -

LDR 00940cam a2200241 a 4500
001122502
003CONS
00520140703073259.0
008850918s1968 nyua j 000 1 eng
010 . ‡a 68012750
020 . ‡a0448089475
035 . ‡a(CPomAG)LMN477403
0500 . ‡aPZ7.D644 ‡bMyr
082 . ‡a[Fic]
1001 . ‡aDixon, Franklin W.
24510. ‡aMystery of the whale tattoo / ‡cby Franklin W. Dixon.
260 . ‡aNew York : ‡bGrosset & Dunlap, ‡c[1968]
300 . ‡a174 pages : ‡billustrations ; ‡c20 cm.
440 4. ‡aThe Hardy boys mystery stories ; ‡v47
520 . ‡aHelping in a case their father is working on, the Hardy brothers try to find an informer who has telephoned from a booth in their home town, and are hired by a carnival owner to spot pickpockets.
914 . ‡dLMN_cm
959 . ‡i32269000253230 ‡lJF Dix ‡aJuvenile - Fiction ‡tJuv Fiction ‡g4.50
852 . ‡p32269000253230 ‡jJF Dix ‡gJuvenile - Fiction ‡cJuv Fiction ‡y4.50 ‡bSBPL
901 . ‡a122502 ‡bUnknown ‡c122502 ‡tbiblio

Additional Resources